[Event "Bogota Excalibur op"]
[Site "Bogota"]
[Date "2022.03.21"]
[Round "6"]
[White "Patino, Daniel Santiago"]
[Black "Malagon Guzman, Juan Daniel"]
[Result "0-1"]
[WhiteElo "1845"]
[BlackElo "1593"]
[PlyCount "38"]
[EventDate "2022.03.18"]
[EventType "swiss"]
[EventRounds "7"]
[EventCountry "COL"]
[SourceTitle "CBM 207 Extra"]
[Source "ChessBase"]
[SourceDate "2022.05.31"]
[SourceVersion "1"]
[SourceVersionDate "2022.05.31"]
[SourceQuality "1"]

1. e4 e5 2. Nf3 Nc6 3. Bc4 Bc5 4. c3 Nf6 5. d3 d6 6. Nbd2 Qe7 7. 0-0 Bg4 8. Re1 h5 9. b4 Bb6 10. Qb3 h4 11. Ng5 Bh5 12. Ndf3 Ng4 13. Nh3 0-0-0 14. Bg5 f6 15. Bxh4 g5 16. Bg3 Nh6 17. a4 a5 18. b5 Nb8 19. Nhxg5 fxg5 0-1

[Event "Bogota Excalibur op"]
[Site "Bogota"]
[Date "2022.03.20"]
[Round "4"]
[White "Patino, Daniel Santiago"]
[Black "Gonzalez Mojica, Renan Arturo"]
[Result "0-1"]
[WhiteElo "1845"]
[BlackElo "2010"]
[PlyCount "70"]
[EventDate "2022.03.18"]
[EventType "swiss"]
[EventRounds "7"]
[EventCountry "COL"]
[SourceTitle "CBM 207 Extra"]
[Source "ChessBase"]
[SourceDate "2022.05.31"]
[SourceVersion "1"]
[SourceVersionDate "2022.05.31"]
[SourceQuality "1"]

1. e4 d6 2. d4 g6 3. Nc3 Bg7 4. f4 Nf6 5. Nf3 0-0 6. e5 dxe5 7. fxe5 Nd5 8. Bc4 Nxc3 9. bxc3 c5 10. 0-0 Bg4 11. Be3 Nc6 12. Qd2 Qa5 13. Qe1 Bxf3 14. Rxf3 Rad8 15. Qf1 Qxc3 16. Re1 Nxd4 17. Rxf7 Kh8 18. Bxd4 Qxd4+ 19. Kh1 b5 20. Be6 Rxf7 21. Qxf7 Qxe5 22. Rb1 Qf6 23. a3 a6 24. h3 Qxf7 25. Bxf7 c4 26. a4 Be5 27. axb5 axb5 28. g4 Kg7 29. Rxb5 Kxf7 30. Rxe5 Rd1+ 31. Kg2 Rd2+ 32. Kf3 Rxc2 33. Rc5 c3 34. g5 Rc1 35. Kg2 c2 0-1

[Event "Tolima Deportivo op"]
[Site "Tolima"]
[Date "2021.11.15"]
[Round "7"]
[White "Mancilla Angarita, Leonardo"]
[Black "Patino, Daniel Santiago"]
[Result "1-0"]
[WhiteElo "2012"]
[BlackElo "1834"]
[PlyCount "101"]
[EventDate "2021.11.12"]
[EventType "swiss"]
[EventRounds "7"]
[EventCountry "COL"]
[SourceTitle "CBM 205 Extra"]
[Source "ChessBase"]
[SourceDate "2022.01.31"]
[SourceVersion "1"]
[SourceVersionDate "2022.01.31"]
[SourceQuality "1"]

1. e4 e5 2. Nf3 Nc6 3. Bc4 Bc5 4. c3 Nf6 5. d4 exd4 6. e5 d5 7. Bb5 Ne4 8. cxd4 Bb6 9. Nc3 0-0 10. 0-0 Bg4 11. Bxc6 bxc6 12. Be3 f6 13. exf6 Qxf6 14. h3 Nxc3 15. bxc3 Bxf3 16. Qxf3 Qxf3 17. gxf3 Rxf3 18. Kg2 Rff8 19. Rfc1 Rfd8 20. Kf3 Rab8 21. Ke2 Ba5 22. Kd3 Rf8 23. Rc2 Rf5 24. Rg1 Rf3 25. Rh1 Kf7 26. Ke2 Rf5 27. Rg1 Rh5 28. Rg3 Rb1 29. Kf3 g6 30. Kg2 Rf5 31. Bc1 Bb6 32. Be3 Rd1 33. c4 Bxd4 34. Bxd4 Rxd4 35. cxd5 Rdxd5 36. Rxc6 Rc5 37. Rc3 Rxc3 38. Rxc3 Ra5 39. Rxc7+ Kf6 40. Rxh7 Rg5+ 41. Kf3 a5 42. Ra7 Rb5 43. h4 Rc5 44. Kg4 Rc4+ 45. f4 Rc5 46. Ra6+ Kg7 47. a4 Kh7 48. Ra7+ Kh6 49. Ra6 Rf5 50. Re6 Rd5 51. Re5 1-0

[Event "Gachantiva op 9th"]
[Site "Gachantiva"]
[Date "2019.06.24"]
[Round "6"]
[White "Patino, Daniel Santiago"]
[Black "Ramirez, Francisco Javier"]
[Result "1-0"]
[WhiteElo "1764"]
[BlackElo "1939"]
[PlyCount "129"]
[EventDate "2019.06.21"]
[EventType "swiss"]
[EventRounds "7"]
[EventCountry "COL"]
[SourceTitle "CBM 191 Extra"]
[Source "ChessBase"]
[SourceDate "2019.09.30"]
[SourceVersion "1"]
[SourceVersionDate "2019.09.30"]
[SourceQuality "1"]

1. Nf3 Nf6 2. b3 g6 3. Bb2 Bg7 4. g3 0-0 5. Bg2 d5 6. c4 c6 7. 0-0 Re8 8. Qc2 Bf5 9. d3 Na6 10. Nbd2 Nb4 11. Qb1 Qb6 12. e4 dxe4 13. dxe4 Nxe4 14. Nxe4 Bxe4 15. Qxe4 Bxb2 16. Rab1 Bf6 17. a3 Na6 18. b4 Qc7 19. Rfc1 Rad8 20. c5 Rd5 21. Qe3 Red8 22. b5 cxb5 23. Rxb5 Rd3 24. Qh6 Bg7 25. Qg5 R8d5 26. Qf4 e5 27. Qc4 Rd1+ 28. Rxd1 Rxd1+ 29. Bf1 Bf8 30. c6 bxc6 31. Rxe5 Nb8 32. Re8 Nd7 33. Ng5 Nb6 34. Qb3 Qd7 35. Rd8 Rb1 36. Rxf8+ Kxf8 37. Qxb1 Qe7 38. Ne4 Qxa3 39. Qc2 Qa4 40. Qxa4 Nxa4 41. Bc4 Nb6 42. Bb3 a5 43. Nc5 Ke7 44. Kf1 f5 45. f4 h6 46. Ke2 g5 47. Ke3 Kf6 48. Kd4 gxf4 49. gxf4 Na8 50. Nb7 Nc7 51. Nxa5 Nb5+ 52. Ke3 c5 53. Nb7 Nc7 54. Nxc5 Nb5 55. Nd7+ Ke7 56. Ne5 Nd6 57. Ng6+ Kf6 58. Nh4 Nb5 59. Bc2 Nd6 60. Kd4 Ke6 61. Nxf5 Nxf5+ 62. Bxf5+ Kxf5 63. Ke3 Kg4 64. Ke4 h5 65. f5 1-0

[Event "Gachantiva op 9th"]
[Site "Gachantiva"]
[Date "2019.06.22"]
[Round "3"]
[White "Garcia Alarcon, Alvaro"]
[Black "Patino, Daniel Santiago"]
[Result "1-0"]
[WhiteElo "2106"]
[BlackElo "1764"]
[PlyCount "89"]
[EventDate "2019.06.21"]
[EventType "swiss"]
[EventRounds "7"]
[EventCountry "COL"]
[SourceTitle "CBM 191 Extra"]
[Source "ChessBase"]
[SourceDate "2019.09.30"]
[SourceVersion "1"]
[SourceVersionDate "2019.09.30"]
[SourceQuality "1"]

1. d4 Nf6 2. c4 e6 3. Nc3 Bb4 4. e3 b6 5. Nge2 Bb7 6. a3 Bxc3+ 7. Nxc3 0-0 8. d5 d6 9. Be2 a5 10. Bf3 e5 11. g4 Ne8 12. e4 Nd7 13. Be3 Nc5 14. Rb1 Qf6 15. g5 Qe7 16. b4 Nd7 17. Bg4 g6 18. h4 Ba6 19. Qe2 f5 20. gxf6 Nexf6 21. bxa5 bxa5 22. h5 gxh5 23. Be6+ Kh8 24. f3 Rfb8 25. Nb5 Nf8 26. Bf5 Ng6 27. Bg5 Bxb5 28. cxb5 Nf4 29. Qh2 Rg8 30. Bxf4 exf4 31. Qxf4 Nxd5 32. Qd2 Nf6 33. Qd4 Qe5 34. Qxe5 dxe5 35. Rc1 Rg3 36. Rc6 Rf8 37. Kf2 Rg7 38. Rd1 a4 39. Rc5 Re8 40. Rdc1 Reg8 41. Rxe5 Rg2+ 42. Ke3 Ra2 43. Rc3 Re8 44. Rxe8+ Nxe8 45. b6 1-0

[Event "COL-ch sf 2nd"]
[Site "Tunja"]
[Date "2018.04.22"]
[Round "10"]
[White "Patino, Daniel Santiago"]
[Black "Gomez, Gonzalo"]
[Result "1-0"]
[WhiteElo "1755"]
[BlackElo "1957"]
[PlyCount "49"]
[EventDate "2018.04.17"]
[EventType "swiss"]
[EventRounds "10"]
[EventCountry "COL"]
[SourceTitle "CBM 184 Extra"]
[Source "ChessBase"]
[SourceDate "2018.06.28"]
[SourceVersion "1"]
[SourceVersionDate "2018.06.28"]
[SourceQuality "1"]

1. e4 e5 2. Nf3 Nc6 3. Bc4 Nf6 4. Ng5 d5 5. exd5 Nxd5 6. Nxf7 Kxf7 7. Qf3+ Ke6 8. Nc3 Nce7 9. 0-0 c6 10. d4 b5 11. Bb3 Kd6 12. Rd1 e4 13. Qg3+ Kd7 14. Nxe4 Qc7 15. Qf3 Kd8 16. Ng5 Ke8 17. Re1 Bb7 18. Qf7+ Kd7 19. Ne6 Qa5 20. Bg5 Re8 21. Bxd5 cxd5 22. Nc5+ Kc7 23. Qxe8 Bc6 24. Bf4+ Kb6 25. Qb8+ 1-0

[Event "COL-ch sf 2nd"]
[Site "Tunja"]
[Date "2018.04.20"]
[Round "7"]
[White "Echeverry Betancur, Jorge Andres"]
[Black "Patino, Daniel Santiago"]
[Result "1/2-1/2"]
[WhiteElo "1591"]
[BlackElo "1755"]
[PlyCount "99"]
[EventDate "2018.04.17"]
[EventType "swiss"]
[EventRounds "10"]
[EventCountry "COL"]
[SourceTitle "CBM 184 Extra"]
[Source "ChessBase"]
[SourceDate "2018.06.28"]
[SourceVersion "1"]
[SourceVersionDate "2018.06.28"]
[SourceQuality "1"]

1. d4 Nf6 2. c4 e6 3. Nf3 b6 4. Bg5 Be7 5. e3 Bb7 6. Be2 0-0 7. 0-0 d6 8. Nc3 c5 9. dxc5 bxc5 10. Qb3 Bc6 11. Rfd1 Qc7 12. h3 Nbd7 13. Qc2 a6 14. b3 Nb6 15. Bh4 Qb7 16. Bxf6 gxf6 17. Ne1 Kg7 18. Bf3 Rg8 19. Bxc6 Qxc6 20. Qe4 Qxe4 21. Nxe4 Rad8 22. Nc3 f5 23. Rab1 Bf6 24. Ne2 Kf8 25. Rbc1 Ke7 26. Nf4 a5 27. Ne2 a4 28. bxa4 Nxa4 29. Nd3 Ra8 30. Rb1 Rgb8 31. Rb3 Rxb3 32. axb3 Nb2 33. Nxb2 Bxb2 34. Rb1 Ra2 35. Nf4 Kd7 36. Kf1 Kc7 37. g4 fxg4 38. hxg4 Kb6 39. Kg2 Ka5 40. Kf3 Kb4 41. Rd1 Kxb3 42. Rxd6 Ra7 43. Nd3 Ba3 44. Ne5 Bb2 45. Nd3 Ba3 46. Ne5 Rc7 47. g5 Bb2 48. Rb6+ Kc2 49. Nc6 Kc3 50. Ne5 1/2-1/2

[Event "COL-ch sf 2nd"]
[Site "Tunja"]
[Date "2018.04.18"]
[Round "2"]
[White "Patino, Daniel Santiago"]
[Black "Rey Serrano, Jorge Enrique"]
[Result "1-0"]
[WhiteElo "1755"]
[BlackElo "1681"]
[PlyCount "81"]
[EventDate "2018.04.17"]
[EventType "swiss"]
[EventRounds "10"]
[EventCountry "COL"]
[SourceTitle "CBM 184 Extra"]
[Source "ChessBase"]
[SourceDate "2018.06.28"]
[SourceVersion "1"]
[SourceVersionDate "2018.06.28"]
[SourceQuality "1"]

1. e4 c5 2. Nc3 Nc6 3. Bb5 d6 4. Bxc6+ bxc6 5. f4 Qc7 6. Nf3 e6 7. 0-0 Nf6 8. d3 Be7 9. Qe1 Bd7 10. Bd2 0-0 11. e5 Ne8 12. exd6 Bxd6 13. Ne5 Nf6 14. Nc4 Be7 15. Ne4 Nxe4 16. Qxe4 f6 17. Bc3 Rfe8 18. Rae1 Rab8 19. Rf3 Rf8 20. Ree3 Rbc8 21. Rh3 f5 22. Qf3 Bf6 23. Qh5 h6 24. Be5 Bxe5 25. Rxe5 Rf6 26. Qe2 Re8 27. Qe3 Rg6 28. Qxc5 Bc8 29. Rhe3 Rd8 30. Na5 Rd6 31. b4 Rf6 32. b5 Bd7 33. c4 Kf7 34. d4 Bc8 35. Nxc6 a6 36. a4 Bb7 37. d5 axb5 38. axb5 Qd7 39. Rxe6 Rfxe6 40. dxe6+ Rxe6 41. Qxf5+ 1-0

[Event "Bogota University op 8th"]
[Site "Bogota"]
[Date "2014.10.09"]
[Round "2"]
[White "Chirivi Castiblanco, Jenny Astrid"]
[Black "Patino, Daniel Santiago"]
[Result "1-0"]
[WhiteElo "2212"]
[BlackElo "1796"]
[PlyCount "105"]
[EventDate "2014.10.09"]
[EventType "swiss"]
[EventRounds "9"]
[EventCountry "COL"]
[SourceTitle "EXT 2015"]
[Source "ChessBase"]
[SourceDate "2014.11.20"]
[SourceVersion "1"]
[SourceVersionDate "2014.11.20"]
[SourceQuality "1"]

1. d4 Nf6 2. c4 g6 3. Nc3 Bg7 4. e4 d6 5. f3 0-0 6. Be3 Nbd7 7. Qd2 e5 8. d5 a5 9. Bd3 Nc5 10. Bc2 Ne8 11. Nge2 f5 12. 0-0-0 b6 13. b3 Qe7 14. a3 Nf6 15. h3 f4 16. Bf2 Nh5 17. b4 axb4 18. axb4 Na6 19. Nb5 Bd7 20. Kb2 Bxb5 21. cxb5 Nb8 22. Ra1 Nd7 23. Bd3 Ndf6 24. Rhc1 Rfb8 25. Nc3 Ne8 26. Ra6 Qd7 27. Rca1 Qd8 28. R1a3 Nhf6 29. Ka1 Rc8 30. Qa2 Rab8 31. Ra7 Nd7 32. Qc4 h6 33. Nd1 Kh7 34. Ra2 Kg8 35. Nb2 Kh8 36. Qc1 Kh7 37. Kb1 Kh8 38. Qg1 Ra8 39. g3 Rxa7 40. Rxa7 g5 41. h4 gxh4 42. gxh4 Nef6 43. Bf1 Ra8 44. Ra6 Rb8 45. Bh3 Qe7 46. Ra7 Qd8 47. Qg6 Ra8 48. Ra6 Rb8 49. Qf7 Qe8 50. Qxe8+ Rxe8 51. Ra7 Rc8 52. Nc4 Bf8 53. h5 1-0

[Event "Bogota McGregor op 3rd"]
[Site "Bogota"]
[Date "2012.12.14"]
[Round "5"]
[White "Sosa Florez, Juan Sebastian"]
[Black "Patino, Daniel Santiago"]
[Result "1/2-1/2"]
[WhiteElo "1613"]
[BlackElo "1812"]
[PlyCount "31"]
[EventDate "2012.12.12"]
[EventType "swiss"]
[EventRounds "9"]
[EventCountry "COL"]
[SourceTitle "EXT 2014"]
[Source "ChessBase"]
[SourceDate "2013.11.20"]
[SourceVersion "1"]
[SourceVersionDate "2013.11.20"]
[SourceQuality "1"]

1. d4 Nf6 2. Nf3 c5 3. e3 e6 4. g3 d5 5. Bg2 Nc6 6. 0-0 Be7 7. c4 0-0 8. Re1 dxc4 9. dxc5 Qxd1 10. Rxd1 Bxc5 11. Bd2 Rd8 12. Nc3 a6 13. Bf1 b5 14. a4 b4 15. Na2 a5 16. Bxc4 1/2-1/2

[Event "Central Region-ch U14"]
[Site "Bogota"]
[Date "2012.05.20"]
[Round "5.8"]
[White "Patino, Daniel Santiago"]
[Black "Rojas Castillo, Andrea Lizeth"]
[Result "0-1"]
[WhiteElo "1858"]
[BlackElo "1776"]
[PlyCount "62"]
[EventDate "2012.05.18"]
[EventType "swiss"]
[EventRounds "7"]
[EventCountry "COL"]
[SourceTitle "EXT 2024"]
[Source "ChessBase"]
[SourceDate "2023.10.10"]
[SourceVersion "1"]
[SourceVersionDate "2023.10.10"]
[SourceQuality "1"]

1. e4 c5 2. Nf3 e6 3. Bc4 a6 4. c3 d5 5. exd5 exd5 6. Bb3 Nf6 7. 0-0 Be7 8. d4 c4 9. Bc2 0-0 10. Re1 Be6 11. Ng5 Bd7 12. Bf4 h6 13. Nf3 Nc6 14. Ne5 Rc8 15. Nd2 Re8 16. Qf3 Be6 17. Nxc6 Rxc6 18. Qg3 Bd6 19. Be5 Ng4 20. Nf3 Nxe5 21. dxe5 Bc5 22. Nd4 Bxd4 23. cxd4 Rc8 24. h3 Qb6 25. Qc3 Bd7 26. f4 Re7 27. f5 Rd8 28. Rf1 Rxe5 29. Kh1 Re2 30. Qf3 Rde8 31. Rac1 Qf6 0-1

[Event "Bogota Mayores Distrital op 03"]
[Site "Bogota"]
[Date "2011.03.21"]
[Round "6.19"]
[White "Patino, Daniel Santiago"]
[Black "Acosta Cruz, Luis Ivan"]
[Result "1/2-1/2"]
[WhiteElo "1968"]
[BlackElo "1805"]
[PlyCount "57"]
[EventDate "2011.03.18"]
[EventType "swiss"]
[EventRounds "7"]
[EventCountry "COL"]
[SourceTitle "EXT 2024"]
[Source "ChessBase"]
[SourceDate "2023.10.10"]
[SourceVersion "1"]
[SourceVersionDate "2023.10.10"]
[SourceQuality "1"]

1. e4 e5 2. Nf3 Nc6 3. d4 exd4 4. Bc4 Bc5 5. 0-0 d6 6. Re1 Nf6 7. h3 0-0 8. c3 Ne5 9. Qb3 Nxf3+ 10. gxf3 Qd7 11. Bf1 Re8 12. Bg2 Qe7 13. cxd4 Bxd4 14. Be3 Be6 15. Qc2 Bb6 16. Bxb6 axb6 17. Kh2 Ra5 18. Rg1 Nh5 19. Nc3 Qh4 20. Qd2 Nf4 21. Rh1 Nxh3 22. Bxh3 Qxh3+ 23. Kg1 Rg5+ 24. Qxg5 Qxf3 25. Qg3 Qf6 26. Qh4 Qg6+ 27. Qg3 Qf6 28. Qh4 Qg6+ 29. Qg3 1/2-1/2

[Event "Bogota Mayores Distrital op 03"]
[Site "Bogota"]
[Date "2011.03.19"]
[Round "3.16"]
[White "Patino, Daniel Santiago"]
[Black "Prado Segura, Robinson Alexander"]
[Result "0-1"]
[WhiteElo "1968"]
[BlackElo "1818"]
[PlyCount "50"]
[EventDate "2011.03.18"]
[EventType "swiss"]
[EventRounds "7"]
[EventCountry "COL"]
[SourceTitle "EXT 2024"]
[Source "ChessBase"]
[SourceDate "2023.10.10"]
[SourceVersion "1"]
[SourceVersionDate "2023.10.10"]
[SourceQuality "1"]

1. e4 c5 2. Nf3 d6 3. Bb5+ Bd7 4. Bxd7+ Qxd7 5. 0-0 Nc6 6. c3 g6 7. d4 cxd4 8. cxd4 Bg7 9. Nc3 Nf6 10. Bf4 0-0 11. Qd2 Rfd8 12. Rac1 Rac8 13. Rfe1 Nxd4 14. Qxd4 e5 15. Bxe5 dxe5 16. Qxa7 Ra8 17. Qe3 Nh5 18. Red1 Qe6 19. h3 Nf4 20. a3 Bh6 21. Kf1 Qc4+ 22. Ne2 Qb5 23. Rxd8+ Rxd8 24. Rc2 Rd1+ 25. Ne1 Nd3 0-1

[Event "Bogota Distrital op"]
[Site "Bogota"]
[Date "2011.02.05"]
[Round "3"]
[White "Almanza, Rafael Andres"]
[Black "Patino, Daniel Santiago"]
[Result "1-0"]
[WhiteElo "2145"]
[BlackElo "2015"]
[PlyCount "69"]
[EventDate "2011.02.03"]
[EventType "swiss"]
[EventRounds "7"]
[EventCountry "COL"]
[SourceTitle "CBM 140 Extra"]
[Source "ChessBase"]
[SourceDate "2011.03.01"]
[SourceVersion "1"]
[SourceVersionDate "2011.03.01"]
[SourceQuality "1"]

1. d4 d5 2. Nf3 e6 3. c4 Nf6 4. Nc3 Bb4 5. Bg5 Bxc3+ 6. bxc3 0-0 7. e3 h6 8. Bh4 c6 9. Ne5 g5 10. Bg3 Qa5 11. Bd3 Qxc3+ 12. Kf1 Nbd7 13. h4 dxc4 14. Rc1 Qa5 15. Nxc4 Qd5 16. f3 g4 17. e4 Qh5 18. e5 b5 19. exf6 bxc4 20. fxg4 Qa5 21. Bb1 Ba6 22. Qc2 Nxf6 23. Be5 c3+ 24. Kg1 Rab8 25. Bxf6 Rxb1 26. Rxb1 Bc4 27. Rh3 Bxa2 28. Ra1 Bb3 29. Rxa5 Bxc2 30. Rxc3 Be4 31. Rxa7 Rb8 32. Rca3 Rb1+ 33. Kf2 Rb2+ 34. Ke3 Bxg2 35. Ra8+ 1-0

[Event "Bogota Torneo Distrital op"]
[Site "Bogota"]
[Date "2010.05.15"]
[Round "2.17"]
[White "Patino, Daniel Santiago"]
[Black "Coy, William"]
[Result "0-1"]
[WhiteElo "2015"]
[BlackElo "1675"]
[PlyCount "106"]
[EventDate "2010.05.14"]
[EventType "swiss"]
[EventRounds "7"]
[EventCountry "COL"]
[SourceTitle "EXT 2024"]
[Source "ChessBase"]
[SourceDate "2023.10.10"]
[SourceVersion "1"]
[SourceVersionDate "2023.10.10"]
[SourceQuality "1"]

1. e4 c5 2. Nf3 Nc6 3. d4 cxd4 4. Nxd4 Nf6 5. Nc3 a6 6. Be3 e6 7. f3 Bb4 8. Qd2 d5 9. a3 Ba5 10. 0-0-0 dxe4 11. Nxc6 Qxd2+ 12. Bxd2 bxc6 13. Nxe4 Bxd2+ 14. Rxd2 Nxe4 15. fxe4 Bb7 16. g3 Ke7 17. e5 c5 18. Rg1 Rhd8 19. Bg2 Rxd2 20. Bxb7 Rad8 21. Bxa6 Rxh2 22. b4 cxb4 23. axb4 Rd4 24. b5 Rdd2 25. c4 Rc2+ 26. Kb1 Rxc4 27. Ka1 Ra4+ 28. Kb1 Rb4+ 29. Kc1 Rbb2 30. Rh1 Rhc2+ 31. Kd1 Rc5 32. Rxh7 g6 33. b6 Rxb6 34. Be2 Rb1+ 35. Kd2 Rb2+ 36. Ke1 Rxe5 37. Rh2 Re3 38. Rg2 f5 39. Rh2 Rexe2+ 40. Rxe2 Rxe2+ 41. Kxe2 g5 42. Kf3 e5 43. Ke3 Kd6 44. Kf3 Kd5 45. Ke3 e4 46. Kf2 Kd4 47. Ke2 f4 48. gxf4 gxf4 49. Kf2 Kd3 50. Ke1 e3 51. Kd1 f3 52. Ke1 Kc2 53. Kf1 Kd2 0-1

[Event "Bogota Region-ch U13"]
[Site "Bogota"]
[Date "2010.04.10"]
[Round "2.6"]
[White "Patino, Daniel Santiago"]
[Black "Valenzuela, Juan Diego"]
[Result "1-0"]
[WhiteElo "2015"]
[BlackElo "1368"]
[PlyCount "43"]
[EventDate "2010.04.09"]
[EventType "swiss"]
[EventRounds "6"]
[EventCountry "COL"]
[SourceTitle "EXT 2024"]
[Source "ChessBase"]
[SourceDate "2023.10.10"]
[SourceVersion "1"]
[SourceVersionDate "2023.10.10"]
[SourceQuality "1"]

1. e4 e5 2. Nf3 Nc6 3. d4 exd4 4. Nxd4 Nf6 5. Nc3 Bb4 6. Bg5 d5 7. Nxc6 bxc6 8. a3 Ba5 9. b4 Bb6 10. exd5 h6 11. Bh4 Qd6 12. Qe2+ Kd7 13. 0-0-0 Qf4+ 14. Kb1 Qxh4 15. dxc6+ Kxc6 16. Qf3+ Ne4 17. Nxe4 Kb7 18. Nd6+ Kb8 19. Nxc8 Rxc8 20. Ba6 c6 21. Qxf7 Rc7 22. Qe8+ 1-0